|
|
|
|
| LEADER |
01230nam a2200253 a 4500 |
| 001 |
2262152 |
| 008 |
091102s1977 bg b 100 0 eng d |
| 010 |
|
|
|a 77904981
|
| 040 |
|
|
|a DLC
|c DLC
|d DLC
|
| 082 |
0 |
0 |
|a 337/.09/047
|2 19
|
| 245 |
0 |
4 |
|a The New International Economic Order and UNCTAD IV :
|b proceedings of the Bangladesh National Seminar /
|c edited by Mohiuddin Alamgir, Sultan Hafeez Rahman.
|
| 260 |
|
|
|a Dacca :
|b Bangladesh Institute of Development Studies,
|c 1977.
|
| 300 |
|
|
|a x, 171 p. ;
|c 26 cm.
|
| 504 |
|
|
|a Includes bibliographical references.
|
| 541 |
1 |
|
|e 00000550
|
| 650 |
|
0 |
|a Economic policy
|x Congresses.
|
| 650 |
|
0 |
|a International economic relations
|x Congresses.
|
| 700 |
1 |
|
|a Alamgir, Mohiuddin,
|d 1943-
|
| 700 |
1 |
|
|a Rahman, Sultan Hafeez.
|
| 710 |
2 |
|
|a Bangladesh Institute of Development Studies.
|
| 852 |
4 |
|
|a Ayesha Abed Library
|j General Shelf
|
| 999 |
|
|
|c 5467
|d 5467
|
| 952 |
|
|
|0 0
|1 0
|2 ddc
|4 0
|6 337_090470000000000_NEW_1977
|7 0
|9 5335
|a BRACUL
|b BRACUL
|c GEN
|d 2009-11-12
|g 20.00
|l 1
|o 337.09047 NEW
|p 3010000550
|r 2019-01-21
|s 2019-01-20
|t 1
|w 2009-11-12
|y BK
|
| 952 |
|
|
|0 0
|1 0
|2 ddc
|4 0
|6 337_090470000000000_NEW_1977
|7 0
|9 8319
|a BRACUL
|b BRACUL
|c GEN
|d 2010-02-18
|g 25.00
|l 0
|o 337.09047 NEW
|p 3010000070
|r 2016-08-30
|t 2
|w 2010-02-18
|y BK
|